000 00321nam a22001337a 4500
008 170621b xxu||||| |||| 00| 0 eng d
020 _a9781879694118
041 _aeng
080 _a32
100 _a20
101 _aSHP
245 _aTHE U.S HEALTH WORFORCE POWER POLITICS POLICY
_cOSTERWEIS.M
942 _2udc
_cBK
999 _c18435
_d18435